Actitudes hacia el estudio : programa pedagógico (Record no. 61861)

MARC details
000 -CABECERA
campo de control de longitud fija 00629nam a2200205 a 4500
005 - FECHA Y HORA DE LA ÚLTIMA TRANSACCIÓN
campo de control 20210223123757.0
008 - ELEMENTOS DE LONGITUD FIJA--INFORMACIÓN GENERAL
campo de control de longitud fija 991125n 000 0 spa u
035 ## - NÚMERO DE CONTROL DEL SISTEMA
Número de control de sistema UPN01000062757
100 1# - ASIENTO PRINCIPAL--NOMBRE PERSONAL
Nombre de persona Ortega Ruiz, Pedro
9 (RLIN) 29817
222 ## - TÍTULO CLAVE
Título clave REVISTA ESPAÑOLA DE PEDAGOGIA
245 ## - MENCIÓN DE TÍTULO
Título Actitudes hacia el estudio : programa pedagógico
300 ## - DESCRIPCIÓN FÍSICA
Extensión 495-516
362 0# - FECHAS DE PUBLICACIÓN Y/O DESIGNACIÓN SECUENCIAL
Fecha de publicación y/o designación secuencial 1992 Año 50, no. 193 sep.-dic.
653 0# - TERMINO DE INDIZACION - NO CONTROLADO
Término no controlado METODOS DE ENSEÑANZA
653 0# - TERMINO DE INDIZACION - NO CONTROLADO
Término no controlado PROCESO ENSEÑANZA-APRENDIZAJE
700 1# - ASIENTO SECUNDARIO--NOMBRE DE PERSONAL
Nombre de persona Mínguez Vallejos, Ramón,
Títulos y otros términos asociados al nombre coaut.
700 1# - ASIENTO SECUNDARIO--NOMBRE DE PERSONAL
Nombre de persona Pérez Ferra, Miguel,
Títulos y otros términos asociados al nombre coaut.
904 ## - ELEMENTOS DE DATOS D LOCAL, LDD (RLIN)
a AC
b 000568
905 ## - TIPO DE MATERIAL
Tipo de material Articulo

No items available.